000 00331 a2200121 4500
001 ART_6181
005 20260410161825.0
008 260409a
245 1 0 _aLa falacia clásica clásica
100 1 _aSamuelson, Paul A.
700 1 _aRayó, Antonio R.
773 0 _tFACES
_g- Año 1, Nº 1 (jun 1995)
_wREV5046
999 _c22714
_d22714